| 000 | 00714nam a2200253Ia 4500 | ||
|---|---|---|---|
| 003 | OSt | ||
| 005 | 20220918164838.0 | ||
| 006 | a|||||r|||| 00| 0 | ||
| 007 | ta | ||
| 008 | 220917b |||||||| |||| 00| 0 eng d | ||
| 020 | _a0801432278 (hbk) | ||
| 024 | _a171,503 | ||
| 037 | _cTextual | ||
| 040 |
_aARTS _cARTS _beng |
||
| 041 |
_2eng _aeng |
||
| 082 | _aR2110j25, N6 (SC) | ||
| 100 |
_aYolton John W. _921211 |
||
| 245 | 0 |
_aPerception and reality _b a history from Descartes to Kant |
|
| 260 |
_aIthaca _bCornell University Press _c1996 |
||
| 300 |
_axi, 240p. _ccm. |
||
| 650 | _aPHILOSOPHY | ||
| 942 |
_hR2110j25, N6 (SC) _cTEXL _2CC |
||
| 999 |
_c126976 _d126976 |
||